01064nam a22002537a 450000500170000000800410001702000180005804000270007604100080010304400070011108200200011810000330013824501510017126000570032230000910037950400550047065000340052565000360055965000210059565000280061666200680064470000520071270000460076420160317102244.0160317s2013 ck ao fr|||| 001 0 spa d a9789584624567 aCO-BoIAVH cCO-BoIAVH 0 aspa ack04a333.95617bZ94a1 aZuluaga Guerra, Paula Andrea10aAcuerdos de pesca sostenible en las comunidades de la Estrella Fluvial de Inírida : bavances /cPaula Andrea Zuluaga y Marcela Franco Jaramillo a[Colombia?] :bUSAID :bICAA :bAUNAP :bWWF,c2013. a56 páginas :bilustraciones a color y fotografías a color ;c21 x 19 centímetros aIncluye referencias bibliográficas: página 55. 6aZonas de pescaxdiagnóstico 6aZonas de pescaxpesca artesanal 4aPesca sostenible 6aOrdenación de cuencas aColombiabVichada (Departamento)cEstrella Fluvial de Inírida1 aFranco Jaramillo, Marcelaeautoraefotografía1 aGarcía Arbelaez, Carolinaefotografía